[Event "OMA-ch"]
[Site "Muscat"]
[Date "2019.12.02"]
[Round "1"]
[White "Al Dahmani, Zayid"]
[Black "Al Kathiri, Salim Said"]
[Result "0-1"]
[WhiteElo "1393"]
[BlackElo "1763"]
[PlyCount "114"]
[EventDate "2019.12.02"]
[EventType "swiss"]
[EventRounds "9"]
[EventCountry "OMN"]
[SourceTitle "CBM 195 Extra"]
[Source "ChessBase"]
[SourceDate "2020.05.31"]
[SourceVersion "1"]
[SourceVersionDate "2020.05.31"]
[SourceQuality "1"]

1. e4 c5 2. Nc3 Nc6 3. d3 g6 4. Nf3 Bg7 5. a3 d6 6. Be2 Nf6 7. 0-0 0-0 8. h3 a6 9. Nh2 b5 10. Bg4 Nxg4 11. Nxg4 b4 12. Nd5 h5 13. Nge3 e6 14. Nf4 Bh6 15. Nxh5 gxh5 16. Qxh5 Qg5 17. Qe2 Qg6 18. Ng4 Bxc1 19. Raxc1 f5 20. Nh2 f4 21. c3 e5 22. Ng4 Bxg4 23. hxg4 Rf7 24. f3 Qh6 25. Qe1 bxa3 26. bxa3 Rh7 27. Kf2 Qh4+ 28. Ke2 Qxe1+ 29. Rfxe1 Rb8 30. Rb1 Rhb7 31. Ra1 Rb2+ 32. Kf1 Rc2 33. Rab1 Rbb2 34. Rxb2 Rxb2 35. d4 cxd4 36. cxd4 Nxd4 37. Rc1 Nc2 38. a4 Kf7 39. a5 Ne3+ 40. Kg1 Rxg2+ 41. Kh1 Ra2 42. Rc6 Rxa5 43. g5 Kg6 44. Rxd6+ Kxg5 45. Kh2 Ra2+ 46. Kh3 Ra1 47. Kh2 a5 48. Re6 Nc4 49. Re8 Kf6 50. Rd8 a4 51. Ra8 a3 52. Ra6+ Ke7 53. Ra7+ Kd6 54. Ra6+ Kc5 55. Ra8 a2 56. Kg2 Kb4 57. Kf2 Na5 0-1